[Event "Kinross USSA op"]
[Site "Kinross"]
[Date "2018.07.06"]
[Round "8"]
[White "Jacobs, Cavan"]
[Black "Carelse, Jarred"]
[Result "0-1"]
[WhiteElo "1762"]
[BlackElo "1391"]
[PlyCount "87"]
[EventDate "2018.07.02"]
[EventType "swiss"]
[EventRounds "9"]
[EventCountry "RSA"]
[SourceTitle "CBM 185 Extra"]
[Source "ChessBase"]
[SourceDate "2018.07.29"]
[SourceVersion "1"]
[SourceVersionDate "2018.07.29"]
[SourceQuality "1"]

1. e4 d5 2. exd5 Qxd5 3. d4 Nf6 4. c4 Qd8 5. Nf3 Bg4 6. Be2 e6 7. Qb3 b6 8. 0-0 Be7 9. Rd1 0-0 10. h3 Bh5 11. Nc3 c6 12. Be3 Qc7 13. Rac1 c5 14. Nb5 Qb7 15. dxc5 Bxc5 16. Bxc5 bxc5 17. Qe3 Nbd7 18. b3 Rfd8 19. Nc3 h6 20. Rd2 a6 21. Rcd1 Qc7 22. Na4 Rac8 23. Ne1 Bxe2 24. Qxe2 Kf8 25. Qe3 Ke7 26. Nd3 Qa5 27. Nf4 Ke8 28. Rd6 Nf8 29. Nb6 Rxd6 30. Rxd6 Rd8 31. Qe5 Rxd6 32. Qxd6 Qe1+ 33. Kh2 N8d7 34. Nc8 Kd8 35. Na7 Qxf2 36. Nd3 Ne4 37. Nc6+ Kc8 38. Na7+ Kd8 39. Qxd7+ Kxd7 40. Nxf2 Nxf2 41. a3 Kc7 42. b4 Kb7 43. Kg3 Nd1 44. Kf4 0-1

[Event "Kinross USSA op"]
[Site "Kinross"]
[Date "2018.07.05"]
[Round "6"]
[White "Carelse, Jarred"]
[Black "Teeke, Karabo"]
[Result "1-0"]
[WhiteElo "1391"]
[BlackElo "1616"]
[PlyCount "91"]
[EventDate "2018.07.02"]
[EventType "swiss"]
[EventRounds "9"]
[EventCountry "RSA"]
[SourceTitle "CBM 185 Extra"]
[Source "ChessBase"]
[SourceDate "2018.07.29"]
[SourceVersion "1"]
[SourceVersionDate "2018.07.29"]
[SourceQuality "1"]

1. d4 Nf6 2. c4 g6 3. Nf3 Bg7 4. g3 d6 5. Bg2 0-0 6. 0-0 c5 7. Nc3 Nbd7 8. e4 Nb6 9. Qe2 Bg4 10. e5 dxe5 11. dxe5 Nfd7 12. Bf4 a6 13. h3 Be6 14. b3 Qc7 15. Rad1 Rfe8 16. Nd5 Qc8 17. Rfe1 a5 18. a4 Ra6 19. Qb2 Nb8 20. Ng5 Nc6 21. Nxe6 fxe6 22. Nc3 Nd4 23. Ne4 Nf5 24. Qa3 Nd4 25. Nxc5 Nc2 26. Qb2 Qxc5 27. Qxc2 Qc7 28. Qe4 Rb8 29. Rd3 Nd7 30. Qe3 Nc5 31. Rd2 Rb6 32. Rb1 Nxa4 33. c5 Nxc5 34. Rc2 Rb5 35. Bf1 Rb4 36. Rxc5 Qb6 37. Qc3 Re4 38. Be3 Qd8 39. Bd3 Rb4 40. Rd1 b6 41. Rc6 Qd5 42. Rd2 Bxe5 43. Rc8+ Kg7 44. Qc6 Rxc8 45. Qxc8 Qxb3 46. Qe8 1-0